01431nam a22003495a 450000100090000000300090000900500170001800800410003502000240007602000150010004000330011508200190014810000530016724501620022026400480038226400100043030000240044033600260046433700280049033800270051849000250054565000360057065100580060665300220066465500240068670000310071070000750074170000650081694200120088199900170089395201710091016021205EG-ScBUE20220321104831.0091214t2010 nju f 000 1 eng d a9781591942160 (pbk) a1591942160 aDLCbengerdacDLCdEG-ScBUE04222a843.7bDUM1 aDumas, Alexandre,‏d1802-1870,eauthor.92979714aThe Count of Monte Cristo /cAlexander Dumas ; edited by Jothi Ravindran, Martin E. Goldstein ; with an afterword by Martin E. Goldstein, Janet M. Goldstein. 1aBerlin, NJ :bTownsend Press, Inc.,c[2010] 1cc2010 a440 pages ;c18 cm. 2rdacontentatextbtxt 2rdamediaaunmediatedbn 2rdacarrieravolumebnc0 aThe Townsend library 7929795aPiratesvFiction.2BUEsh 7929796aFrancexHistoryy19th centuryvFiction.2BUEsh cMay2012bHHUUEENN vReading book9342321 aRavindran, Jothi,eeditor.1 aGoldstein, Martin E.,‏d1939-eeditor.eauthor of introduction, etc.1 aGoldstein, Janet M.,‏d1940-eauthor of introduction, etc. 2ddccBB c16704d16704 00102ddc40708BaccahaMAINbMAINc2NDd2012-05-02epurchaseg95.00h15016l4m31o843.7 DUMp000026737q2026-05-23r2025-11-16 00:00:00s2025-11-16w2012-05-02yBB